Zufällige tektonische Platten auf einer Karte - Statistiken

Allgemein
  • Dieses Quiz wurde 183 mal gespielt
  • Das Durchschnittsergebnis liegt bei 2 aus 5
Antworten auf der Karte
Die Antworten werden auf der Karte rot bzw. grün angezeigt, abhängig davon wie oft sie richtig erraten wurden.
 
Antwortstatistiken
Antworten % Korrekt
Afrika
100%
Cocos
100%
Nordamerika
100%
Südamerika
100%
Pazifik
83%
Nazca
80%
Antarktis
75%
Australien
67%
Eurasien
50%
Juan de Fuca
50%
Karibik
50%
Philippinisch
43%
Scotia
43%
Arabien
33%
Somalia
25%
Panama
20%
Amur
0%
Anatolien
0%
Banda Meer
0%
Birma
0%
Caroline
0%
Indien
0%
Jangtse
0%
Molukkenmeer
0%
Nordanden
0%
Okhotsk
0%
Ostern
0%
Timor
0%
Vogelkopf
0%
Keine übereinstimmenden Quizze gefunden
Verteilung der Resultate
Anzahl Personen mit jedem Resultat
Perzentil nach korrekt beantworteten Fragen
Ihre Resultats-Entwicklung
Sie haben dieses Quiz noch nicht gespielt